The housebuilding report 2012 (Record no. 114276)

MARC details
000 -LEADER
fixed length control field 00906cad a22002175a 4500
001 - CONTROL NUMBER
control field L156494
008 - FIXED-LENGTH DATA ELEMENTS--GENERAL INFORMATION
fixed length control field 120529s2012 xxk f 000 0 eng d
035 ## - SYSTEM CONTROL NUMBER
System control number (Sirsi) u156494
041 0# - LANGUAGE CODE
Language code of text/sound track or separate title eng
110 2# - MAIN ENTRY--CORPORATE NAME
Corporate name or jurisdiction name as entry element Knight Frank
9 (RLIN) 1530
245 04 - TITLE STATEMENT
Title The housebuilding report 2012
Medium [electronic resource]
260 ## - PUBLICATION, DISTRIBUTION, ETC.
Place of publication, distribution, etc. London
Name of publisher, distributor, etc. Knight Frank LLP
Date of publication, distribution, etc. 2012
490 #0 - SERIES STATEMENT
Series statement Knight Frank Residential Research
520 ## - SUMMARY, ETC.
Summary, etc. This report contains the findings of a second annual survey of the UK housebuilding sector, giving an insight to developers' views on the outlook for the new homes industry.
590 ## - LOCAL NOTE (RLIN)
Local note KA NTK
651 #4 - SUBJECT ADDED ENTRY--GEOGRAPHIC NAME
Geographic name United Kingdom
Chronological subdivision
690 ## - LOCAL SUBJECT ADDED ENTRY--TOPICAL TERM (OCLC, RLIN)
Topical term or geographic name as entry element Residential property
9 (RLIN) 6266
690 ## - LOCAL SUBJECT ADDED ENTRY--TOPICAL TERM (OCLC, RLIN)
Topical term or geographic name as entry element Construction management
9 (RLIN) 6230
856 40 - ELECTRONIC LOCATION AND ACCESS
Uniform Resource Identifier <a href="https://my.knightfrank.com/research-reports/housebuilding-report.aspx">https://my.knightfrank.com/research-reports/housebuilding-report.aspx</a>
Public note Register here to download the report free of charge (PDF file) www.knightfrank.com
942 ## - ADDED ENTRY ELEMENTS (KOHA)
Suppress in OPAC 0
Holdings
Withdrawn status Lost status Source of classification or shelving scheme Damaged status Not for loan Home library Current library Shelving location Date acquired Total Checkouts Full call number Barcode Date last seen Copy number Price effective from Koha item type
    Dewey Decimal Classification     Virtual Virtual Online 29/05/2012   ONLINE PUBLICATION 156494-2001 06/08/2019 1 06/08/2019 Book